000 00736nas a2200277 4500
001 BR9207175
003 BR-BrBNA
005 20231205100503.0
007 ta
008 230509b bl.|||p| |||| 00| 00por d
040 _aBR-BrBNA
_bpor
_cBiblioteca Nacional de Agricultura
041 _a(Pt)
072 _aS30
100 1 _aAnon.
245 1 _aFrangos e ovos conquistam a merenda escolar
650 _aFrango
650 _aOvo
650 _aNutricao Humana
650 _aAlimento Animal
650 _aDieta
650 _aBalanceamento
650 _aSao Paulo
773 0 _tAves e Ovos (Brazil)
_xISSN 0005-2000
_g(Feb 1991), v. 7(4) p. 5-9
_wBR9207175
909 _a202311
_bLúcia
_c55
_dLúcia Elande
942 _2AGRIS
_n0
_cANA
999 _c156311
_d156311